000 00773nam a2200265#a 4500
001 02251
003 HDC
007 ta
008 230623s2011 xx 000 0 eng d
020 _a9789673442652 (pbk).
040 _aHDC
050 _a HD9016
_b.M3 P466 2011
245 0 _a Pengurusan produk halal di Malaysia /
_ceditor Suhaimi Ab Rhman, Jafri Abdullah.
264 _aSerdang, Selangor :
_bPenerbit Universiti Putra Malaysia,
_c2011.
504 _aIncludes bibliographies and index.
650 _aFood industry and trade.
650 _aHalal food industry
_zMalaysia.
650 _aHalal food
_zMalaysia.
650 _aMuslims
_xDietary laws.
700 _aJafri Abdullah.
942 _2lcc
942 _cBK
942 _k HD9016
942 _m.M3 P466 2011
999 _c23810
_d23810